El misterio del colegio embrujado /

Unos hechos sorprendentes hacen sospechar que un fantasma habita en un viejo colegio salmantino. El sagaz detective Ulisas Cabal tendrá que averiguar si son ciertas las extrañas suposiciones iniciales.

Guardado en:
Autor Principal: Puerto, Carlos.
Otros Autores: Hernández Walta, Gabriel ; il.
Formato: Libro
Idioma:Undetermined
Publicado: Buenos Aires : Edelvives, 2018.
Edición:1a ed. 1a reimp.
Series:Ala delta. Verde: Lectores avanzados ; 18
Materias:
Etiquetas: Agregar Etiqueta
Sin Etiquetas, Sea el primero en etiquetar este registro!
LEADER 01045nam a22002535a 4500
001 CEM.cems020743
008 231212s2018####ag############000#0#und#d
005 20231212181828.0
245 1 0 |a El misterio del colegio embrujado /  |c Carlos Puerto ; ilustrado por Gabriel Hernández Walta. 
250 |a 1a ed. 1a reimp. 
260 |a Buenos Aires :  |b Edelvives,  |c 2018. 
300 |a 144 p. 
490 1 |a Ala delta. Verde: Lectores avanzados ;  |v 18 
500 |a A partir de los 10 años. 
520 |a Unos hechos sorprendentes hacen sospechar que un fantasma habita en un viejo colegio salmantino. El sagaz detective Ulisas Cabal tendrá que averiguar si son ciertas las extrañas suposiciones iniciales. 
020 |a 9789876421096 
100 1 |a Puerto, Carlos. 
700 1 |a Hernández Walta, Gabriel ; il. 
653 |a Novela juvenil 
653 |a Literatura española 
653 |a Novela española 
653 |a Literatura juvenil 
653 |a Literatura infantil y juvenil 
859 |a CEMS  |b BIB. CEMS - Inicial y Primaria  |h 863.3  |i P962  |k IP  |p 6753  |t Ej.1